Qui est mort ? - XXème siècle #1 - Statistiques

Statistiques générales
  • Ce quiz a été pris 121 fois
  • Le résultat moyen est 6 sur 10
Statistiques - réponses
Hint Réponse % Correct
Cette scientifique décède d'une leucémie causée par une trop grande exposition aux éléments radioactifs, qu'elle étudie depuis plus de 30 ans. Marie Curie (1867-1934)
98%
Cet homme politique est assassiné à Dallas, alors qu'il défile devant la foule dans sa limousine décapotée, assis à côté de son épouse. John Fitzgerald Kennedy (1917-1963)
96%
Cet artiste et militant français meurt dans un accident d’hélicoptère au Mali durant une mission humanitaire. Daniel Balavoine (1952-1986)
80%
Cette artiste née en Égypte se suicide en provoquant une overdose de médicaments, mélangés à de l'alcool. Elle laisse une lettre d'adieu : « La vie m'est insupportable. Pardonnez-moi. ». Dalida (1933-1987)
77%
Cet homme colombien décède d'un tir au niveau de l'oreille, alors qu'il tente d'échapper par les toits aux autorités qui le traquent depuis plusieurs années. Sa famille pense qu'il s'est suicidé. Pablo Escobar (1949-1993)
61%
Cet artiste américain, devenu membre du Club des 27, s'est officiellement suicidé d'une balle dans la tête, mais de nombreuses théories ont été émises sur la possibilité d'un meurtre impliquant son épouse. Kurt Cobain (1967-1994)
54%
Cet artiste britannique meurt d'une pneumonie, accentuée par une autre maladie. Cette autre maladie, qui à l'époque est déjà une terrible pandémie, est révélée la veille de son décès, via un communiqué. Freddie Mercury (1946-1991)
52%
Cette photographe allemande se suicide avec du poison, près de son mari qui se tire une balle dans la tête au même moment, dans un bunker à Berlin. Eva Braun (1912-1945)
48%
Cette artiste nord-américaine décède d'une pneumonie, et souffre depuis l'enfance des conséquences d'un grave accident de bus. Sa mauvaise santé tout au long de sa vie lui cause des douleurs autant physiques que mentales, qu'elle représente dans ses œuvres. Frida Kahlo (1907-1954)
45%
Lors de la projection au cinéma de l’adaptation cinématographique d'un de ses plus célèbres romans, cet artiste dagovéranien décède d'une crise cardiaque après vu son nom et surnom (Vernon Sullivan) affichés à l'écran. Il était en effet fortement opposé à cette adaptation. Boris Vian (1920-1959)
24%
Aucun quiz correspondant
Distribution des résultats
% des personnes avec chaque résultat
Percentile par nombre de réponses
Votre historique - résultats
Vous n’avez pas pris ce quiz